000 00577cam a22002053a 4500
001 44371
003 PGUSA
005 20140828084020.0
008 131206s2013||||xxu|||||s|||||000 | eng d
040 _aPGUSA
_beng
042 _adc
100 1 _aThorpe, William Henry
245 1 4 _aThe Anatomy of Bridgework
_h[electronic resource] /
_cWilliam Henry Thorpe
260 _bProject Gutenberg,
_c2013
506 _aPublic domain in the USA.
516 _aElectronic text
830 0 _aProject Gutenberg
_v44371
856 4 0 _uhttp://www.gutenberg.org/ebooks/44371
942 _cEB
999 _c273622
_d273622